000 002550000a22000970004500
100 1 _aPlaceres, Tito
245 1 0 _a¿Quién se ha llevado mi queso?
300 _aVol. 56, Núm 253 (2001), Páginas 14-15
773 0 _tLa Biblia de las Américas
942 _cANA
999 _c51623
_d51623